Reconsidering inner Asia : (Record no. 104580)

MARC details
000 -LEADER
fixed length control field 00653nam a22001937a 4500
005 - DATE AND TIME OF LATEST TRANSACTION
control field 20161110160413.0
010 ## - LCCN (DPL NO)
LC control number ENG-116501
020 ## - INTERNATIONAL STANDARD BOOK NUMBER
International Standard Book Number 9789350980323
Terms of availability 850.00
035 ## - SYSTEM CONTROL NUMBER
System control number EN-100033
037 ## - SOURCE OF ACQUISITION
Source of stock number/acquisition DBAD/PUB
082 ## - DEWEY DECIMAL CLASSIFICATION NUMBER
Classification number 950.4
100 ## - MAIN ENTRY--PERSONAL NAME
Personal name Chatterjee,Suchandana
245 ## - TITLE STATEMENT
Title Reconsidering inner Asia :
Statement of responsibility, etc by Suchandana Chatterjee
Remainder of title shared space, shifting identities /
260 ## - PUBLICATION, DISTRIBUTION, ETC. (IMPRINT)
Place of publication, distribution, etc New Delhi
Name of publisher, distributor, etc Manohar Publisher & Distributors
Date of publication, distribution, etc 2014
270 ## - ADDRESS
Address 4753/23 Ansari Road,Daryaganj
City New Delhi
Postal code 110002
300 ## - PHYSICAL DESCRIPTION
Extent 222p.
Dimensions 22cm (Hb)
500 ## - GENERAL NOTE
General note Includes bibliographical references and index
942 ## - ADDED ENTRY ELEMENTS (KOHA)
Source of classification or shelving scheme Dewey Decimal Classification
Item type English Books
Classification part 950.4
Call number suffix CHA
Holdings
Withdrawn status Lost status Not for loan Collection code Home library Current library Date acquired Source of acquisition Cost, normal purchase price Full call number Barcode Copy number Cost, replacement price Koha item type
    Not For Loan Non-fiction D.B.Act.Division Bawana 10/11/2016 DBAD/PUB 850.00 950.4 CHA EN-100033 1 850.00 English Books

© Delhi Public Library
Hit Counter
free hit counter